Slovák v Amerike the oldest slovak newspaper in America

Bibliographic Details
Previous Title:Slovensko Dnes
Format: Newspaper
Language:Slovak
PhysicalDescription:zv. ilustr. 38 cm
Published: Clifton Slovak American Publishing 1889-
Clifton Association of Slovak
ISSN:0199-6819
Subjects:

MARC

LEADER 00000cas a2200000 a 4500
001 vtls008689135
003 SK-MaSNL
005 20260228155859.0
008 200401c18899999xxusr ne 0 b0slo
022 |a 0199-6819 
035 |a (SVKBB03)vtls000048099 
040 |a SNK  |b slo  |c SNK  |d SVKBB  |e AACR2 
041 0 |a slo 
043 |a n-us--- 
044 |a xxu  |c US 
080 |a 050  |2 2001 
080 |a (=162.4)  |2 2001 
080 |a (73)  |2 2001 
245 0 0 |a Slovák v Amerike  |b the oldest slovak newspaper in America 
260 |a Clifton  |b Slovak American Publishing  |c 1889- 
260 3 |3 2007-  |a Clifton  |b Association of Slovak 
300 |a zv.  |b ilustr.  |c 38 cm 
310 |a 2x mesačne  |b 2009- 
321 |a 1x mesačne 
362 1 |a 21. 12. 1889- 
500 |a Od r. 2009 sa týždenník Slovensko Dnes - Slovakia Today (vyd. MC Publishing, L.L.C. v Linden) spojil so Slovákom v Amerike 
500 |a Na dokumente uvedené, že vychádza ako dvojtýždenník, ale v angl. jazyku uvedené ako bimonthly? 
650 0 7 |a Slováci v zahraničí  |2 SNKPH  |9 14695 
651 7 |a Spojené štáty americké  |2 SNKPH  |9 18262 
655 7 |a krajanské periodiká  |2 SNKPH  |9 110004 
780 0 5 |t Slovensko Dnes 
852 |a Štátna vedecká knižnica v Banskej Bystrici 
910 |a snk 
916 |a 2001-2009 
958 |a OND 
999 |c 807  |d 807 
952 |0 0  |1 0  |4 0  |7 0  |8 2  |a SNK  |b SNK  |d 2010-05-13  |i snkv 2676/70  |l 0  |o snkČSA 16/79/1969 D1  |p 17A0656524  |r 2026-02-21 19:32:23  |t č. 622 - 674  |w 2026-02-21  |y PREZ 
952 |0 0  |1 0  |4 0  |7 0  |8 2  |a SNK  |b SNK  |d 2000-07-10  |i snkV 1887/97  |l 0  |o snkČSA 16/82/1972 D1  |p 17A0069073  |r 2005-01-02 00:00:00  |t č. 793-829, neúplné  |w 2026-02-21  |y PREZ  |z sú len č.: 793, 812, 823, 825, 826, 829; ; bežné číslo: 9448, 9467, 9478, 9480, 9481, 9484; ; ; ;  
952 |0 0  |1 0  |4 0  |7 0  |a SNK  |b SNK  |d 2015-06-26  |l 0  |o snkČSA 16/85/1976 D1  |p 17A1075072  |r 2026-02-21 19:34:41  |t č. 9637-9664, neúplný  |w 2026-02-21  |y NEVYP  |z Časopisy sú poškodené ; č. 9637, 9641, 9643-9645, 9647-9649, 9652-9664, neúplný 
952 |0 0  |1 0  |4 0  |7 0  |a SNK  |b SNK  |d 2015-06-26  |l 0  |o snkČSA 16/80/1971 D1  |p 17A1075069  |r 2026-02-21 19:34:41  |t č. 9395-9422, neúplné  |w 2026-02-21  |y PREZ  |z sú len č. 9395, 9400, 9402, 9408, 9414, 9422 
952 |0 0  |1 0  |4 0  |7 0  |a SNK  |b SNK  |d 2010-04-28  |l 0  |o snkČSA 16/76/1966 D1  |p 17A0655165  |r 2026-02-21 19:43:16  |t neúplné  |w 2026-02-21  |y PREZ 
952 |0 0  |1 0  |4 0  |7 0  |a SNK  |b SNK  |d 2010-04-28  |l 0  |o snkČSA 16/77/1967 D1  |p 17A0655166  |r 2026-02-21 19:43:16  |t neúplné  |w 2026-02-21  |y PREZ 
952 |0 0  |1 0  |4 0  |7 0  |a SNK  |b SNK  |d 2025-01-31  |l 0  |o snkČSA 16/1992 D1  |p 17A1317811  |r 2026-02-21 19:49:49  |w 2026-02-21  |y PREZ 
952 |0 0  |1 0  |4 0  |7 0  |8 2  |a SNK  |b SNK  |d 2006-11-29  |i snkV 1005/2000  |l 0  |o snkČSA 16/100/1989  |p 17A0244441  |r 2026-02-21 20:04:37  |w 2026-02-21  |y PREZ  |z Roč. 100, č. 10007-10018 (1989) 
952 |0 0  |1 0  |4 0  |7 0  |a SNK  |b SNK  |d 2006-11-29  |l 0  |o snkČSA 16/100-101/1990  |p 17A0036306  |r 2026-02-21 20:04:38  |w 2026-02-21  |y PREZ  |z Roč. 100-101, č. 10019-10029 (1990) 
952 |0 0  |1 0  |4 0  |7 0  |8 1  |a SNK  |b SNK  |d 2006-11-29  |i snkD 1186/94  |l 0  |o snkČSA 16/75/1965 D1  |p 17A0294241  |r 2026-02-21 20:04:38  |w 2026-02-21  |y PREZ  |z Roč. 75, č. 451-454, 457 (1965) 
952 |0 0  |1 0  |4 0  |7 0  |a SNK  |b SNK  |d 2006-11-29  |l 0  |o snkČSA 16/19/1908  |p 17A0306375  |r 2026-02-21 20:04:38  |w 2026-02-21  |y PREZ 
952 |0 0  |1 0  |4 0  |7 0  |a SNK  |b SNK  |d 2006-11-29  |l 0  |o snkČSA 16/34/1912  |p 17A0306591  |r 2026-02-21 20:04:38  |w 2026-02-21  |y PREZ  |z Roč. 34, č. neúpl. (1912) 
952 |0 0  |1 0  |4 0  |7 0  |a SNK  |b SNK  |d 2006-11-29  |l 0  |o snkČSA 16/33/1911  |p 17A0306476  |r 2026-02-21 20:04:38  |w 2026-02-21  |y PREZ  |z Roč. 33, č. neúpl. (1911) 
952 |0 0  |1 0  |4 0  |7 0  |a SNK  |b SNK  |d 2006-11-29  |l 0  |o snkČSA 16/35/1913  |p 17A0306497  |r 2026-02-21 20:04:38  |w 2026-02-21  |y PREZ  |z Roč. 35, č. 131 (1913) 
952 |0 0  |1 0  |4 0  |7 0  |a SNK  |b SNK  |d 2006-11-29  |l 0  |o snkČSA 16/39/1914  |p 17A0306495  |r 2026-02-21 20:04:38  |w 2026-02-21  |y PREZ  |z Roč. 39, č. 276 (1914) 
952 |0 0  |1 0  |4 0  |7 0  |8 1  |a SNK  |b SNK  |d 2006-11-29  |i snk2001/1129  |l 0  |o snkČSA 16/99/1988 D1  |p 17A0308975  |r 2026-02-21 20:04:38  |t č. 9995-10006  |w 2026-02-21  |y PREZ  |z Roč. 99, č. 9995-10006 (1998) 
952 |0 0  |1 0  |4 0  |7 0  |a SNK  |b SNK  |d 2006-11-29  |l 0  |o snkČSA 16/91/1980  |p 17A0337744  |r 2026-02-21 20:04:38  |w 2026-02-21  |y PREZ  |z Roč. 91, č. 9845-9876 (1980) 
952 |0 0  |1 0  |4 0  |7 0  |a SNK  |b SNK  |d 2006-11-29  |l 0  |o snkČSA 16/52/1940  |p 17A0341657  |r 2026-02-21 20:04:38  |w 2026-02-21  |y PREZ  |z Roč. LII, č. 1-97, neúpl. (1940) 
952 |0 0  |1 0  |4 0  |7 0  |a SNK  |b SNK  |d 2006-11-29  |l 0  |o snkČSA 16/53/1941  |p 17A0341604  |r 2026-02-21 20:04:38  |w 2026-02-21  |y PREZ  |z Roč. LIII, č. 3-48, neúpl. (1941) 
952 |0 0  |1 0  |4 0  |7 0  |a SNK  |b SNK  |d 2006-11-29  |l 0  |o snkČSA 16/32/1920  |p 17A0341018  |r 2026-02-21 20:04:38  |w 2026-02-21  |y PREZ 
952 |0 0  |1 0  |4 0  |7 0  |8 2  |a SNK  |b SNK  |d 2006-11-29  |i snkV 1976/91  |l 0  |o snkČSA 16/98-99/1988  |p 17A0452789  |r 2026-02-21 20:04:38  |w 2026-02-21  |y PREZ 
952 |0 0  |1 0  |3 č. 54,57-62,64,65 ; ; poškodený -- poškodený  |4 0  |7 0  |a SNK  |b SNK  |d 2011-06-16  |i snkČV 607/96  |l 0  |o snkČSA 16/1933 D1  |p 17A0699602  |r 2026-02-21 20:06:30  |t č. 54,57-62,64,65  |w 2026-02-21  |y PREZ 
952 |0 0  |1 0  |4 0  |7 0  |8 5  |a SNK  |b SNK  |d 2011-07-15  |i snkF 1585/75  |l 0  |o snkČSA 16/1933  |p 17A0708121  |r 2026-02-21 20:06:52  |t č. 28,282  |w 2026-02-21  |y PREZ 
952 |0 0  |1 0  |4 0  |7 0  |a SNK  |b SNK  |d 2000-07-10  |l 0  |o snkČSA 16/80/1971  |p 17A0110990  |r 2005-01-02 00:00:00  |w 2026-02-21  |y PREZ 
952 |0 0  |1 0  |4 0  |7 0  |a SNK  |b SNK  |d 2006-11-29  |l 0  |o snkČSA 16/18/1907  |p 17A1189338  |r 2026-02-21 20:07:20  |t č. 1-100, neúplné  |w 2026-02-21  |y PREZ  |z chýba č.: 3,4,9,10,14,15,20-24,28-38,40,45-49,52-57, ; 60-62,72,77,78,87-90 
952 |0 0  |1 0  |4 0  |7 0  |a SNK  |b SNK  |d 2001-01-02  |l 0  |o snkČSA 16/93-94/1982-83 D1  |p 17A0263924  |r 2005-01-02 00:00:00  |w 2026-02-21  |y PREZ 
952 |0 0  |1 0  |3 rekatalogizácia  |4 0  |7 0  |a SNK  |b SNK  |d 2006-11-20  |i snkF 1582/75  |l 0  |o snkČSA 16/38/1926  |p 17A0530202  |r 2026-02-21 20:15:35  |t č. 132, 267, 280  |w 2026-02-21  |y PREZ 
952 |0 0  |1 0  |4 0  |7 0  |a SNK  |b SNK  |d 2000-07-10  |l 0  |o snkČSA 16/15/1904  |p 17A0155856  |r 2005-01-02 00:00:00  |w 2026-02-21  |y PREZ 
952 |0 0  |1 0  |4 0  |7 0  |a SNK  |b SNK  |d 2000-07-10  |l 0  |o snkČSA 16/67/1957  |p 17A0107754  |r 2005-01-02 00:00:00  |w 2026-02-21  |y PREZ 
952 |0 0  |1 0  |4 0  |7 0  |a SNK  |b SNK  |d 2000-07-10  |l 0  |o snkČSA 16/44/1932  |p 17A0098107  |r 2005-01-02 00:00:00  |w 2026-02-21  |y PREZ 
952 |0 0  |1 0  |4 0  |7 0  |8 2  |a SNK  |b SNK  |d 2012-03-15  |i snk2012/6344  |l 0  |o snkČSA 16/120/2009 D1  |p 17A0719317  |r 2026-02-21 20:19:05  |t č. 10231-10243, neúplné  |w 2026-02-21  |y PREZ  |z Chýba č. 10242,10244... 
952 |0 0  |1 0  |4 0  |7 0  |8 5  |a SNK  |b SNK  |d 2006-11-29  |i snkF 1185/94  |l 0  |o snkČSA 16/74/1964 D1  |p 17A0436938  |r 2026-02-21 20:22:15  |w 2026-02-21  |y NEVYP  |z poškodené, nevypožičatelné 
952 |0 0  |1 0  |4 0  |7 0  |8 2  |a SNK  |b SNK  |d 2012-03-15  |f 1  |i snk2012/6343  |l 0  |o snkČSA 16/120/2009  |p 17A0719316  |r 2026-02-21 20:23:06  |t č. 10231-10243, neúplné  |w 2026-02-21  |y PREZ  |z Chýba č. 10242, 10244... 
952 |0 0  |1 0  |4 0  |7 0  |8 2  |a SNK  |b SNK  |d 2012-03-15  |f 1  |i snk2012/6345  |l 0  |o snkČSA 16/119/2008  |p 17A0719319  |r 2026-02-21 20:23:06  |t č. 10230-10241  |w 2026-02-21  |y PREZ 
952 |0 0  |1 0  |4 0  |7 0  |8 2  |a SNK  |b SNK  |d 2012-03-15  |i snk2012/6346  |l 0  |o snkČSA 16/119/2008 D1  |p 17A0719320  |r 2026-02-21 20:23:06  |t č. 10230-10241  |w 2026-02-21  |y PREZ 
952 |0 0  |1 0  |4 0  |7 0  |a SNK  |b SNK  |d 2013-03-20  |i snkf 1598/75  |l 0  |o snkČSA 16/42/1930  |p 17A0722194  |r 2026-02-21 20:24:13  |t č. 48-291, neúplné  |w 2026-02-21  |y PREZ 
952 |0 0  |1 0  |4 0  |7 0  |a SNK  |b SNK  |d 1997-08-22  |i snk1285/27  |l 0  |o snkČSC 31/1/1891  |p 17A0091929  |r 2005-01-02 00:00:00  |w 2026-02-21  |y PREZ 
952 |0 0  |1 0  |3 rekatalogizácia  |4 0  |7 0  |a SNK  |b SNK  |d 2007-07-06  |i snkČSF 1087/57  |l 0  |o snkČSA 16/17/1906  |p 17A0557320  |r 2026-02-21 20:28:02  |t č. 3-104, neúplné  |w 2026-02-21  |y PREZ 
952 |0 0  |1 0  |3 rekatalogizácia  |4 0  |7 0  |a SNK  |b SNK  |d 2008-08-15  |i snkF 3916/79  |l 0  |o snkČSA 16/48/1936  |p 17A0594469  |r 2026-02-21 20:28:54  |t č. 1-105, neúplné  |w 2026-02-21  |y PREZ 
952 |0 0  |1 0  |3 rekatalogizácia  |4 0  |7 0  |8 2  |a SNK  |b SNK  |d 2007-04-05  |i snkČV 2002/1225  |l 0  |o snkČSA 16/111/[110]/2000  |p 17A0542167  |r 2026-02-21 20:38:26  |t č.10138-10149,10139,10141,10148   |w 2026-02-21  |y PREZ 
952 |0 0  |1 0  |4 0  |7 0  |a SNK  |b SNK  |d 2001-03-20  |l 0  |o snkČSA 16/89-90/1979 D1  |p 17A0294048  |r 2005-01-02 00:00:00  |w 2026-02-21  |y PREZ 
952 |0 0  |1 0  |4 0  |7 0  |8 0  |a SNK  |b SNK  |d 2015-01-21  |i snk2015/1722  |l 0  |o snkČSA 16/58/1947  |p 17A0679512  |r 2026-02-21 20:51:56  |t len č. 22, 31, 34, 35, 36, 42  |w 2026-02-21  |y PREZ  |z č. sú neúplné 
952 |0 0  |1 0  |3 rekatalogizácia  |4 0  |7 0  |a SNK  |b SNK  |d 2005-03-08  |i snkČV 1877/98  |l 0  |o snkČSA 16/106/1996  |p 17A0459248  |r 2026-02-21 21:00:03  |w 2026-02-21  |y PREZ 
952 |0 0  |1 0  |4 0  |7 0  |a SNK  |b SNK  |d 2000-07-10  |i snk2235/27  |l 0  |o snkČSA 16/1/1890  |p 17A0037700  |r 2005-01-02 00:00:00  |t č. 28-34  |w 2026-02-21  |y PREZ  |z Chýba č.: 31 
952 |0 0  |1 0  |4 0  |7 0  |a SNK  |b SNK  |d 2000-07-10  |l 0  |o snkČSA 16/2/1891  |p 17A0037749  |r 2005-01-02 00:00:00  |w 2026-02-21  |y PREZ 
952 |0 0  |1 0  |4 0  |7 0  |a SNK  |b SNK  |d 2000-07-10  |l 0  |o snkČSA 16/4/1893  |p 17A0155956  |r 2005-01-02 00:00:00  |w 2026-02-21  |y PREZ 
952 |0 0  |1 0  |4 0  |7 0  |a SNK  |b SNK  |d 2000-07-10  |l 0  |o snkČSA 16/5/1894  |p 17A0037830  |r 2005-01-02 00:00:00  |w 2026-02-21  |y PREZ 
952 |0 0  |1 0  |4 0  |7 0  |a SNK  |b SNK  |d 2000-07-10  |l 0  |o snkČSA 16/13/1902  |p 17A0037675  |r 2005-01-02 00:00:00  |w 2026-02-21  |y PREZ 
952 |0 0  |1 0  |4 0  |7 0  |a SNK  |b SNK  |d 2000-07-10  |l 0  |o snkČSA 16/16/1905  |p 17A0037815  |r 2005-01-02 00:00:00  |w 2026-02-21  |y PREZ 
952 |0 0  |1 0  |4 0  |7 0  |a SNK  |b SNK  |d 2000-07-10  |l 0  |o snkČSA 16/32/1920  |p 17A0037828  |r 2005-01-02 00:00:00  |w 2026-02-21  |y PREZ 
952 |0 0  |1 0  |4 0  |7 0  |a SNK  |b SNK  |d 2000-07-10  |i snkK 1476/99  |l 0  |o snkČSA 16/1925  |p 17A0222027  |r 2005-01-02 00:00:00  |w 2026-02-21  |y PREZ 
952 |0 0  |1 0  |4 0  |7 0  |a SNK  |b SNK  |d 2000-07-10  |l 0  |o snkČSA 16/50/1938  |p 17A0071132  |r 2005-01-02 00:00:00  |w 2026-02-21  |y PREZ 
952 |0 0  |1 0  |4 0  |7 0  |a SNK  |b SNK  |d 2000-07-10  |l 0  |o snkČSA 16/51/1939  |p 17A0071065  |r 2005-01-02 00:00:00  |w 2026-02-21  |y PREZ 
952 |0 0  |1 0  |4 0  |7 0  |a SNK  |b SNK  |d 2000-07-10  |l 0  |o snkČSA 16/66/1956  |p 17A0110781  |r 2005-01-02 00:00:00  |w 2026-02-21  |y PREZ 
952 |0 0  |1 0  |4 0  |7 0  |a SNK  |b SNK  |d 2000-07-10  |l 0  |o snkČSA 16/71/1960  |p 17A0035512  |r 2005-01-02 00:00:00  |w 2026-02-21  |y PREZ 
952 |0 0  |1 0  |4 0  |7 0  |a SNK  |b SNK  |d 2000-07-10  |l 0  |o snkČSA 16/71/1961  |p 17A0231606  |r 2005-01-02 00:00:00  |w 2026-02-21  |y PREZ 
952 |0 0  |1 0  |4 0  |7 0  |a SNK  |b SNK  |d 2000-07-10  |l 0  |o snkČSA 16/72-73/1962-63  |p 17A0101927  |r 2005-01-02 00:00:00  |w 2026-02-21  |y PREZ 
952 |0 0  |1 0  |4 0  |7 0  |a SNK  |b SNK  |d 2000-07-10  |l 0  |o snkČSA 16/74-75/1964-65  |p 17A0038134  |r 2005-01-02 00:00:00  |w 2026-02-21  |y PREZ 
952 |0 0  |1 0  |4 0  |7 0  |a SNK  |b SNK  |d 2000-07-10  |l 0  |o snkČSA 16/76-77/1966-67  |p 17A0038133  |r 2005-01-02 00:00:00  |w 2026-02-21  |y PREZ 
952 |0 0  |1 0  |4 0  |7 0  |a SNK  |b SNK  |d 2000-07-10  |l 0  |o snkČSA 16/78-79/1968-69  |p 17A0038099  |r 2005-01-02 00:00:00  |w 2026-02-21  |y PREZ 
952 |0 0  |1 0  |4 0  |7 0  |a SNK  |b SNK  |d 2000-07-10  |l 0  |o snkČSA 16/80/1970  |p 17A0101935  |r 2005-01-02 00:00:00  |w 2026-02-21  |y PREZ 
952 |0 0  |1 0  |4 0  |7 0  |a SNK  |b SNK  |d 2000-07-10  |l 0  |o snkČSA 16/80/1970 D1  |p 17A0110964  |r 2005-01-02 00:00:00  |w 2026-02-21  |y PREZ 
952 |0 0  |1 0  |4 0  |7 0  |8 2  |a SNK  |b SNK  |d 2000-07-10  |i snkV 2015/97  |l 0  |o snkČSA 16/82/1972  |p 17A0077927  |r 2005-01-02 00:00:00  |t č. 9434-9485, neúplné  |w 2026-02-21  |y PREZ  |z č. 9471,9479,9481,9483,9485 sú pošk. 
952 |0 0  |1 0  |4 0  |7 0  |8 2  |a SNK  |b SNK  |d 2000-07-10  |i snkV 2016/97  |l 0  |o snkČSA 16/83/1973  |p 17A0077926  |r 2005-01-02 00:00:00  |t č. 9486-9582, neúplné  |w 2026-02-21  |y PREZ  |z Sú č. 9486-89, 9507,9514,9527-37, 9582 
952 |0 0  |1 0  |4 0  |7 0  |8 2  |a SNK  |b SNK  |d 2000-07-10  |i snkV 2017/97  |l 0  |o snkČSA 16/83/1973 D1  |p 17A0077925  |r 2005-01-02 00:00:00  |t len č. 9507, neúplné  |w 2026-02-21  |y NEVYP  |z len č. 9507 
952 |0 0  |1 0  |4 0  |7 0  |a SNK  |b SNK  |d 2000-07-10  |i snkD 709/98  |l 0  |o snkČSA 16/85/1975  |p 17A0125723  |r 2005-01-02 00:00:00  |w 2026-02-21  |y PREZ 
952 |0 0  |1 0  |4 0  |7 0  |a SNK  |b SNK  |d 2000-07-10  |l 0  |o snkČSA 16/86-87/1976-77  |p 17A0038098  |r 2005-01-02 00:00:00  |w 2026-02-21  |y PREZ 
952 |0 0  |1 0  |4 0  |7 0  |a SNK  |b SNK  |d 2000-07-10  |l 0  |o snkČSA 16/88-89/1978-79  |p 17A0053165  |r 2005-01-02 00:00:00  |w 2026-02-21  |y PREZ 
952 |0 0  |1 0  |4 0  |7 0  |a SNK  |b SNK  |d 2000-07-10  |i snkD 710/98  |l 0  |o snkČSA 16/91-92/1980-81 D1  |p 17A0125724  |r 2005-01-02 00:00:00  |w 2026-02-21  |y PREZ 
952 |0 0  |1 0  |4 0  |7 0  |a SNK  |b SNK  |d 2000-07-10  |l 0  |o snkČSA 16/92/1981  |p 17A0053167  |r 2005-01-02 00:00:00  |w 2026-02-21  |y PREZ 
952 |0 0  |1 0  |4 0  |7 0  |a SNK  |b SNK  |d 2000-07-10  |l 0  |o snkČSA 16/93/1982  |p 17A0053914  |r 2005-01-02 00:00:00  |w 2026-02-21  |y PREZ 
952 |0 0  |1 0  |4 0  |7 0  |8 2  |a SNK  |b SNK  |d 2000-07-10  |i snkV 2852/1994  |l 0  |o snkČSA 16/94/1983 D1  |p 17A1097900  |r 2005-01-02 00:00:00  |t len č. 9946, neúplné  |w 2026-02-21  |y PREZ  |z len č. 9946, poškodené ;  
952 |0 0  |1 0  |4 0  |7 0  |a SNK  |b SNK  |d 2000-07-10  |l 0  |o snkČSA 16/95/1984  |p 17A0053168  |r 2005-01-02 00:00:00  |w 2026-02-21  |y PREZ 
952 |0 0  |1 0  |4 0  |7 0  |8 1  |a SNK  |b SNK  |d 2000-07-10  |i snkD 938/97  |l 0  |o snkČSA 16/95/1984 D1  |p 17A0085617  |r 2005-01-02 00:00:00  |t len č. 9947-9952, neúplné  |w 2026-02-21  |y PREZ  |z len č. 9947-9952; ;  
952 |0 0  |1 0  |4 0  |7 0  |a SNK  |b SNK  |d 2000-07-10  |l 0  |o snkČSA 16/96/1985  |p 17A0038115  |r 2005-01-02 00:00:00  |w 2026-02-21  |y PREZ 
952 |0 0  |1 0  |4 0  |7 0  |8 1  |a SNK  |b SNK  |d 2000-07-10  |i snkD 939/97  |l 0  |o snkČSA 16/96/1985 D1  |p 17A0085618  |r 2005-01-02 00:00:00  |t č. 9960,9963-9970, neúplné  |w 2026-02-21  |y PREZ 
952 |0 0  |1 0  |4 0  |7 0  |a SNK  |b SNK  |d 2000-07-10  |l 0  |o snkČSA 16/97/1986  |p 17A0038116  |r 2005-01-02 00:00:00  |w 2026-02-21  |y PREZ 
952 |0 0  |1 0  |4 0  |7 0  |8 1  |a SNK  |b SNK  |d 2000-07-10  |i snkD 940/97  |l 0  |o snkČSA 16/97/1986 D1  |p 17A1316110  |r 2005-01-02 00:00:00  |t č. 9971-74,9976, neúplné  |w 2026-02-21  |y PREZ  |z sú len č. 9971-9974,9976 
952 |0 0  |1 0  |4 0  |7 0  |8 5  |a SNK  |b SNK  |d 2008-05-21  |i snkF 1591/75  |l 0  |o snkČSA 16/29/1918  |p 17A0585168  |r 2026-02-21 21:12:23  |t č. 79, 210  |w 2026-02-21  |y PREZ 
952 |0 0  |1 0  |4 0  |7 0  |a SNK  |b SNK  |d 2013-01-03  |l 0  |o snkČSA 16/87/1977 D1  |p 17A1053511  |r 2026-02-21 21:13:22  |t č. 9689-9740  |w 2026-02-21  |y NEVYP  |z Časopisy sú poškodené ; č. 9689-9740, úplný 
952 |0 0  |1 0  |4 0  |7 0  |a SNK  |b SNK  |d 2005-03-07  |i snkČV 1875/98  |l 0  |o snkČSA 16/105/1995  |p 17A0459325  |r 2026-02-21 21:20:33  |w 2026-02-21  |y PREZ 
952 |0 0  |1 0  |4 0  |7 0  |a SNK  |b SNK  |d 2005-03-07  |i snkČV 609/1996  |l 0  |o snkČSA 16/1994 D1  |p 17A0459752  |r 2026-02-21 21:20:34  |w 2026-02-21  |y PREZ 
952 |0 0  |1 0  |3 rekatalogizácia  |4 0  |7 0  |a SNK  |b SNK  |d 2006-11-20  |i snkF 1583/75  |l 0  |o snkČSA 16/40/1928  |p 17A0530372  |r 2026-02-21 21:20:35  |t č. 61, 99, 105, 106  |w 2026-02-21  |y PREZ 
952 |0 0  |1 0  |3 rekatalogizácia  |4 0  |7 0  |a SNK  |b SNK  |d 2007-10-30  |l 0  |o snkČSA 16/88/1978 D1  |p 17A0565493  |r 2026-02-21 21:22:35  |w 2026-02-21  |y PREZ 
952 |0 0  |1 0  |4 0  |7 0  |8 2  |a SNK  |b SNK  |d 2013-01-09  |i snkV 1626/70  |l 0  |o snkČSA 16/78/1968 D1  |p 17A1021517  |r 2026-02-21 21:23:38  |w 2026-02-21  |y PREZ 
952 |0 0  |1 0  |4 0  |7 0  |8 2  |a SNK  |b SNK  |d 2008-07-16  |f 1  |i snk2008/14218  |l 0  |o snkČSA 16/115/2003  |p 17A0582427  |r 2026-02-21 21:29:57  |t č. 10174-10185, neúplné  |w 2026-02-21  |y PREZ  |z Chýba č. 10177. 
952 |0 0  |1 0  |4 0  |7 0  |8 2  |a SNK  |b SNK  |d 2008-07-16  |i snk2008/14219  |l 0  |o snkČSA 16/115/2003 D1  |p 17A0582428  |r 2026-02-21 21:29:57  |t č. 10174,10176,10179,10180,10182  |w 2026-02-21  |y PREZ  |z Chýba č. 10175,10177,10178,10181. 
952 |0 0  |1 0  |4 0  |7 0  |8 2  |a SNK  |b SNK  |d 2008-07-16  |f 1  |i snk2008/14220  |l 0  |o snkČSA 16/116/2004  |p 17A0582429  |r 2026-02-21 21:29:57  |t č. 10186-10197, neúplné  |w 2026-02-21  |y PREZ  |z Chýba č. 10187. 
952 |0 0  |1 0  |4 0  |7 0  |8 2  |a SNK  |b SNK  |d 2008-07-16  |i snk2008/14221  |l 0  |o snkČSA 16/116/2004 D1  |p 17A0582430  |r 2026-02-21 21:29:57  |t č. 10186-10197, neúplné  |w 2026-02-21  |y PREZ  |z Chýba č. 10187-10188. 
952 |0 0  |1 0  |4 0  |7 0  |8 2  |a SNK  |b SNK  |d 2008-07-16  |f 1  |i snk2008/14223  |l 0  |o snkČSA 16/117/2005  |p 17A0582431  |r 2026-02-21 21:29:57  |t č. 10198-10207  |w 2026-02-21  |y PREZ 
952 |0 0  |1 0  |4 0  |7 0  |8 2  |a SNK  |b SNK  |d 2008-07-16  |i snk2008/14231  |l 0  |o snkČSA 16/117/2005 D1  |p 17A0582432  |r 2026-02-21 21:29:57  |t č. 10198-10207  |w 2026-02-21  |y PREZ 
952 |0 0  |1 0  |4 0  |7 0  |8 2  |a SNK  |b SNK  |d 2008-07-16  |f 1  |i snk2008/14232  |l 0  |o snkČSA 16/117/2006  |p 17A0582433  |r 2026-02-21 21:29:57  |t č. 10208-10219  |w 2026-02-21  |y PREZ 
952 |0 0  |1 0  |4 0  |7 0  |8 2  |a SNK  |b SNK  |d 2008-07-16  |i snk2008/14233  |l 0  |o snkČSA 16/117/2006 D1  |p 17A0582435  |r 2026-02-21 21:29:57  |t č. 10208-10219  |w 2026-02-21  |y PREZ 
952 |0 0  |1 0  |4 0  |7 0  |8 2  |a SNK  |b SNK  |d 2008-07-16  |f 1  |i snk2008/14234  |l 0  |o snkČSA 16/118/2007  |p 17A0582436  |r 2026-02-21 21:29:58  |t č. 10220-10230  |w 2026-02-21  |y PREZ 
952 |0 0  |1 0  |4 0  |7 0  |8 2  |a SNK  |b SNK  |d 2008-07-16  |i snk2008/14237  |l 0  |o snkČSA 16/118/2007 D1  |p 17A0582437  |r 2026-02-21 21:29:58  |t č. 10220-10230  |w 2026-02-21  |y PREZ 
952 |0 0  |1 0  |4 0  |7 0  |8 2  |a SNK  |b SNK  |d 2013-02-19  |f 1  |i snk2004/241  |l 0  |o snkČSA 16/113/2001  |p 17A1046412  |r 2026-02-21 21:30:46  |t č. 10150-10161  |w 2026-02-21  |y PREZ 
952 |0 0  |1 0  |4 0  |7 0  |8 2  |a SNK  |b SNK  |d 2013-02-19  |f 1  |i snk2004/242  |l 0  |o snkČSA 16/114/2002  |p 17A0868753  |r 2026-02-21 21:30:53  |t č. 10162-10173  |w 2026-02-21  |y PREZ 
952 |0 0  |1 0  |4 0  |7 0  |a SNK  |b SNK  |d 2015-05-11  |l 0  |o snkČSA 16/100/1989 D1  |p 17A1077033  |r 2026-02-21 21:34:09  |t č. 10008-10018,   |w 2026-02-21  |y PREZ 
952 |0 0  |1 0  |4 0  |7 0  |a SNK  |b SNK  |d 2015-05-11  |i snkČV 4220/93  |l 0  |o snkČSA 16/100/1990 D1  |p 17A0194978  |r 2026-02-21 21:34:09  |t č. 10021-10029, neúplné  |w 2026-02-21  |y PREZ  |z chýba č. 10022, 10026; 
952 |0 0  |1 0  |3 Obsahuje č.: 9975, 9977, 9978, 9979, 9980, 9981, 9982  |4 0  |7 0  |a SNK  |b SNK  |d 2017-03-23  |l 0  |o snkČSA 16/1986 D1  |p 17A1187223  |r 2026-02-21 22:04:18  |w 2026-02-21  |y PREZ  |z Obsahuje č.: 9975, 9977, 9978, 9979, 9980, 9981, 9982 
952 |0 0  |1 0  |4 0  |7 0  |8 5  |a SNK  |b SNK  |d 2018-02-06  |i snkF 1592/75  |l 0  |o snkČSA 16/30/1919  |p 17A1189385  |r 2026-02-21 22:09:32  |t č. 218-308, neúplné  |w 2026-02-21  |y PREZ  |z chýba č.: 1-217, 219-259, 266-276, 292-307 
952 |0 0  |1 0  |4 0  |7 0  |8 2  |a SNK  |b SNK  |d 2019-06-04  |i snkV 1975/91  |l 0  |o snkČSA 16/98/1987  |p 17A0722403  |r 2026-02-21 22:14:15  |t č. 9983-9994  |w 2026-02-21  |y PREZ  |z č. 9983-9994 
952 |0 0  |1 0  |3 uvoľnené listy  |4 0  |7 0  |8 2  |a SNK  |b SNK  |d 2019-06-04  |i snkV 1071/91  |l 0  |o snkČSA 16/94/1983  |p 17A0053169  |r 2026-02-21 22:14:15  |t č. 9925-9946  |w 2026-02-21  |y PREZ  |z č. 9925-9946 
952 |0 0  |1 0  |4 0  |7 0  |a SNK  |b SNK  |d 2019-09-03  |i snkČV 1819/98  |l 0  |o snkČSA 16/107/1979  |p 17A1315225  |r 2026-02-21 22:29:12  |t č. 10,102-10,113  |w 2026-02-21  |y PREZ 
952 |0 0  |1 0  |4 0  |7 0  |8 1  |a SNK  |b SNK  |d 2019-09-02  |i snk2001/1128  |l 0  |o snkČSA 16/98/1987 D1  |p 17A0308974  |r 2026-02-21 22:29:14  |t č. 9189-9994  |w 2026-02-21  |y PREZ 
952 |0 0  |1 0  |4 0  |7 0  |8 2  |a SNK  |b SNK  |d 2019-09-02  |i snkČV 1820/98  |l 0  |o snkČSA 16/107/1997 D1  |p 17A1315177  |r 2026-02-21 22:29:14  |t č.10103,10108,10111,10113, neúpl  |w 2026-02-21  |y PREZ 
952 |0 0  |1 0  |4 0  |7 0  |8 1  |a SNK  |b SNK  |d 2019-09-02  |i snk2001/1129  |l 0  |o snkČSA 16/98-99/1988 D1  |p 7A0308975  |r 2026-02-21 22:29:14  |t č. 9995-10006  |w 2026-02-21  |y PREZ